000 00528 a2200217 4500
003 00000
005 20250904101433.0
020 _a9789785897968
040 _erda
050 _aQR 41.2 .M53 2021
100 _aAdegboro, Boaz
245 _aMicrobiology
260 _aNigeria
_bMalthouse press
_c2021
264 _aNigeria
_bMalthouse press
_c2021
300 _bxiii, 655p.: ill.
336 _2rdacontent
338 _2rdacarrier
500 _aincludes index and Appendix
600 _aMicrobiology
942 _2lcc
_cBK
999 _c43625
_d43625